Blue Moon- Manchester City Anthem Lyrics - Statistics

General Stats
  • This quiz has been taken 70 times
  • The average score is 55 of 94
Answer Stats
Answer % Correct
Blue
98%
Blue
98%
Blue
98%
Moon
98%
Moon
98%
Moon
98%
Moon
98%
a
95%
a
95%
a
95%
a
95%
a
95%
I
95%
I
95%
I
95%
I
95%
I
95%
I
95%
You
92%
You
92%
You
92%
alone
88%
alone
88%
heart
88%
heart
88%
my
88%
my
88%
my
88%
my
88%
my
88%
my
88%
saw
88%
standing
88%
love
86%
love
86%
me
86%
me
86%
me
86%
me
86%
in
85%
in
85%
of
85%
of
85%
Without
85%
Without
85%
own
83%
own
83%
dream
78%
dream
78%
for
44%
for
44%
for
44%
The
41%
care
36%
there
31%
have
29%
have
29%
one
29%
was
29%
And
27%
Someone
27%
could
25%
could
25%
knew
25%
when
25%
heard
24%
heard
24%
just
24%
really
24%
saying
24%
suddenly
24%
what
24%
before
22%
had
22%
prayer
22%
to
22%
appeared
20%
no
20%
I'm
19%
Now
19%
Then
19%
arms
17%
ever
17%
gold
17%
hold
17%
longer
17%
only
17%
she
17%
turned
17%
looked
15%
adore
14%
somebody
14%
whisper
14%
please
10%
No matching quizzes found
Score Distribution
Percent of People with Each Score
Percentile by Number Answered
Your Score History
You have not taken this quiz